[Event "2025 Washington State Championship - Challengers"]
[Site "Lakeside Upper School, 14050 1st Avenue NE, Seattle, WA, USA"]
[Date "2025.02.15"]
[Round "6"]
[Board "3"]
[White "Yondon, Odbayar"]
[Black "Ihsan, Mohamed N T"]
[Result "0-1"]
[WhiteElo "1806"]
[BlackElo "1650"]
[PlyCount "120"]
[EventDate "2025.02.08"]
[EventRounds "9"]
[EventCountry "USA"]

1. e4 c5 2. Nf3 Nc6 3. Bb5 e6 4. Bxc6 bxc6 5. d3 d5 6. O-O Rb8 7. Nc3 Ne7 8. Re1
Ng6 9. b3 Ba6 10. Bb2 Be7 11. g3 O-O 12. h4 Re8 13. Kg2 Bd6 14. Qd2 d4 15. Nb1 e5
16. Na3 Ne7 17. Qe2 Nc8 18. Nd2 Bf8 19. Rh1 Nd6 20. Raf1 f5 21. exf5 e4 22. Nac4
Nxc4 23. dxc4 e3 24. Nf3 exf2 25. Qxf2 Bxc4 26. Re1 Bd5 27. Kh3 Qd7 28. g4 h5 29.
Rhg1 hxg4+ 30. Kxg4 Be4 31. Ng5 Qd5 32. h5 Re5 33. c4 dxc3 34. Bxc3 Bxf5+ 35. Kh4
Rxe1 36. Rxe1 Bd6 37. Qe2 Bd3 38. Qe6+ Qxe6 39. Rxe6 Rd8 40. h6 Bf5 41. Kh5 Bxe6
42. h7+ Kh8 43. Bxg7+ Kxg7 44. Nxe6+ Kxh7 45. Nxd8 Kg7 46. Nxc6 a6 47. Kg5 Kf7 48.
Kf5 Bh2 49. Nd8+ Ke7 50. Nb7 Bd6 51. a4 Kd7 52. Kf6 Kc6 53. Ke6 Bc7 54. Nxc5 Kxc5
55. Kd7 Bh2 56. Kc8 Bg3 57. Kb7 a5 58. Ka6 Be1 59. Ka7 Kb4 60. Kb6 Kxb3  0-1

[Event "2025 Washington State Championship - Challengers"]
[Site "Lakeside Upper School, 14050 1st Avenue NE, Seattle, WA, USA"]
[Date "2025.02.15"]
[Round "6"]
[Board "5"]
[White "Razmov, Gabriel"]
[Black "Cheng, Selina"]
[Result "0-1"]
[WhiteElo "1801"]
[BlackElo "1661"]
[PlyCount "70"]
[EventDate "2025.02.08"]
[EventRounds "9"]
[EventCountry "USA"]

1. e4 e5 2. Nf3 Nc6 3. d4 exd4 4. Bc4 Nf6 5. O-O Be7 6. Nxd4 d6 7. Nc3 O-O 8. Be2
Re8 9. f4 d5 10. Nxc6 bxc6 11. e5 Nd7 12. Bg4 Bb7 13. Qf3 Rb8 14. Kh1 Bf8 15. Qh3
Nb6 16. e6 Qf6 17. exf7+ Qxf7 18. Bf5 g6 19. Bd3 Bc8 20. f5 Bxf5 21. Bxf5 Qxf5 22.
g4 Qd7 23. Qg2 Bg7 24. Bf4 Nc4 25. Na4 Ne3 26. Bxe3 Rxe3 27. Rf4 Rbe8 28. Raf1 Re2
29. Qf3 Qd6 30. Rf2 Rxf2 31. Qxf2 d4 32. b3 d3 33. cxd3 Qxd3 34. Qf1 Qd5+ 35. Rf3
Re1  0-1

[Event "2025 Washington State Championship - Challengers"]
[Site "Lakeside Upper School, 14050 1st Avenue NE, Seattle, WA, USA"]
[Date "2025.02.16"]
[Round "7"]
[Board "1"]
[White "Cheng, Selina"]
[Black "Ramkumar, Nikhil"]
[Result "0-1"]
[WhiteElo "1661"]
[BlackElo "1676"]
[PlyCount "72"]
[EventDate "2025.02.08"]
[EventRounds "9"]
[EventCountry "USA"]

1. e4 c6 2. d4 d5 3. Nc3 dxe4 4. Nxe4 Nf6 5. Ng3 h5 6. h4 e6 7. Bg5 Be7 8. Nf3 Qb6
9. Qc1 c5 10. Be3 Nc6 11. c3 cxd4 12. Nxd4 Ng4 13. Nxc6 Qxc6 14. Bd3 f5 15. f3 Nxe3
16. Qxe3 Bd7 17. O-O-O Qc5 18. Qe2 O-O-O 19. Bc4 Bd6 20. Nf1 Rhe8 21. Kb1 Be5 22.
Nd2 Bf6 23. f4 Qb6 24. Bb3 Kb8 25. Nc4 Qc7 26. g3 Bc6 27. Rhe1 g6 28. Rxd8+ Qxd8
29. Rd1 Qc7 30. Nd6 Re7 31. Qd2 Rd7 32. Bxe6 Rd8 33. c4 Bf3 34. Rc1 Qxd6 35. Bd5
Bxd5 36. cxd5 Qxd5  0-1

[Event "2025 Washington State Championship - Challengers"]
[Site "Lakeside Upper School, 14050 1st Avenue NE, Seattle, WA, USA"]
[Date "2025.02.16"]
[Round "7"]
[Board "2"]
[White "Nallappa, Vijay"]
[Black "Razmov, Gabriel"]
[Result "0-1"]
[WhiteElo "1748"]
[BlackElo "1801"]
[PlyCount "188"]
[EventDate "2025.02.08"]
[EventRounds "9"]
[EventCountry "USA"]

1. d4 Nf6 2. Nf3 d5 3. Bf4 c5 4. e3 Nc6 5. Nbd2 Qb6 6. dxc5 Qxb2 7. Rb1 Qc3 8. Bb5
Bd7 9. Bxc6 Bxc6 10. Be5 Qxc5 11. O-O e6 12. Nb3 Qe7 13. Qd4 Qd8 14. Rfd1 Be7 15.
a4 O-O 16. Qa1 Qc8 17. Nfd4 Ne8 18. Na5 f6 19. Bg3 e5 20. Ndxc6 bxc6 21. Qc3 Qc7
22. Rb7 Qd6 23. Qxc6 Qxc6 24. Nxc6 Bd6 25. Rxd5 Rc8 26. Nxa7 Rxc2 27. h3 Rc4 28.
a5 Rc1+ 29. Kh2 Ra1 30. Nc6 Rf7 31. Nd8 Rxb7 32. Nxb7 Bc7 33. f4 Ra3 34. fxe5 Rxe3
35. a6 Ra3 36. Nc5 Ra5 37. exf6 Bxg3+ 38. Kxg3 Nxf6 39. Rd8+ Kf7 40. Nb3 Rxa6 41.
Nc5 Rc6 42. Nd3 Ke6 43. Kh2 Rc4 44. Ra8 h5 45. Ra7 Rc3 46. Ne1 g5 47. Nf3 Ne4 48.
Ra5 Kf6 49. Nd4 Rd3 50. Ne2 h4 51. Ra6+ Kf5 52. Ra5+ Kg6 53. Re5 Ng3 54. Kg1 Kf6
55. Re8 Rd1+ 56. Kf2 Kf7 57. Re5 Rf1+ 58. Ke3 Kf6 59. Re8 Nf5+ 60. Kd2 Rf2 61. Ke1
Rxg2 62. Rb8 Ng3 63. Rb6+ Kg7 64. Nd4 Ne4 65. Re6 Nf6 66. Kf1 Rh2 67. Nf3 Rxh3 68.
Nxg5 Ra3 69. Kg2 Rg3+ 70. Kh2 Rxg5 71. Kh3 Rh5 72. Ra6 Ne4 73. Kg4 Rh8 74. Ra7+ Kg6
75. Ra6+ Kf7 76. Kh3 Nf2+ 77. Kh2 h3 78. Ra4 Nd3 79. Rg4 Kf6 80. Rd4 Ne5 81. Ra4
Kf5 82. Ra5 Ke4 83. Ra4+ Ke3 84. Ra3+ Nd3 85. Ra7 Nf4 86. Rg7 Ra8 87. Re7+ Kf3 88.
Re1 Ra2+ 89. Kh1 Rg2 90. Rf1+ Kg3 91. Rb1 Rh2+ 92. Kg1 Ne2+ 93. Kf1 Rh1+ 94. Kxe2
Rxb1  0-1

[Event "2025 Washington State Championship - Challengers"]
[Site "Lakeside Upper School, 14050 1st Avenue NE, Seattle, WA, USA"]
[Date "2025.02.16"]
[Round "7"]
[Board "4"]
[White "Bharathy Mohan, Aarav Sai"]
[Black "Yondon, Odbayar"]
[Result "1/2-1/2"]
[WhiteElo "1606"]
[BlackElo "1806"]
[PlyCount "47"]
[EventDate "2025.02.08"]
[EventRounds "9"]
[EventCountry "USA"]

1. e4 c6 2. d4 d5 3. exd5 cxd5 4. c4 e6 5. Nf3 Nf6 6. c5 Nc6 7. Nc3 Be7 8. Bd3 O-O
9. O-O Bd7 10. a3 Qc7 11. b4 a6 12. Bc2 Rfe8 13. Na4 h6 14. Re1 Na7 15. Nb6 Rad8
16. Ne5 Nc8 17. Nbxd7 Nxd7 18. Nxd7 Rxd7 19. Ba4 b5 20. cxb6 Nxb6 21. Bxd7 Qxd7 22.
Qg4 Kh7 23. Qf3 Kg8 24. Qg4  1/2-1/2

[Event "2025 Washington State Championship - Challengers"]
[Site "Lakeside Upper School, 14050 1st Avenue NE, Seattle, WA, USA"]
[Date "2025.02.16"]
[Round "7"]
[Board "5"]
[White "Hosford, Michael"]
[Black "Pikh, Akim"]
[Result "0-1"]
[WhiteElo "1816"]
[BlackElo "1799"]
[PlyCount "28"]
[EventDate "2025.02.08"]
[EventRounds "9"]
[EventCountry "USA"]

1. c4 e5 2. Nc3 Nc6 3. g3 f5 4. Bg2 g6 5. d3 d6 6. e4 Nf6 7. Nge2 Bg7 8. O-O O-O
9. h3 Be6 10. Nd5 Qd7 11. Kh2 Rf7 12. Bg5 Raf8 13. Qd2 fxe4 14. dxe4 Nxe4 15. Bxe4
Bxh3 16. Bg2 Rxf2 17. Rxf2 Rxf2 18. Rg1 Nd4 19. Qe3 Rxe2 20. Qxe2 Nxe2 21. Bxh3 Qxh3+
22. Kxh3 Nxg1+ 23. Kg2 Ne2 24. Nxc7 Nd4 25. Ne8 Bf8 26. Nf6+ Kg7 27. Nd5 Kf7 28.
g4 Ne6  0-1

[Event "2025 Washington State Championship - Challengers"]
[Site "Lakeside Upper School, 14050 1st Avenue NE, Seattle, WA, USA"]
[Date "2025.02.16"]
[Round "8"]
[Board "1"]
[White "Ramkumar, Nikhil"]
[Black "Pikh, Akim"]
[Result "0-1"]
[WhiteElo "1676"]
[BlackElo "1799"]
[PlyCount "62"]
[EventDate "2025.02.08"]
[EventRounds "9"]
[EventCountry "USA"]

1. e4 e5 2. Nf3 Nc6 3. Bc4 Bc5 4. d3 h6 5. c3 Nf6 6. O-O O-O 7. b4 Bb6 8. b5 Na5
9. Nbd2 Re8 10. Re1 c6 11. a4 d5 12. exd5 cxd5 13. Ba2 e4 14. Nd4 Ng4 15. f3 Qc7
16. fxg4 Qxc3 17. Rb1 Qxd4+ 18. Kh1 Qxd3 19. Bb2 Bf2 20. Rf1 e3 21. Nf3 Qxd1 22.
Rfxd1 Bxg4 23. Bxd5 Bxf3 24. gxf3 e2 25. Re1 Bxe1 26. Rxe1 Rad8 27. Be4 Rd1 28. Bc3
Nc4 29. Kg2 Rxe1 30. Bxe1 a5 31. h4 Rxe4  0-1

[Event "2025 Washington State Championship - Challengers"]
[Site "Lakeside Upper School, 14050 1st Avenue NE, Seattle, WA, USA"]
[Date "2025.02.16"]
[Round "8"]
[Board "4"]
[White "Ihsan, Mohamed N T"]
[Black "Razmov, Gabriel"]
[Result "1/2-1/2"]
[WhiteElo "1650"]
[BlackElo "1801"]
[PlyCount "83"]
[EventDate "2025.02.08"]
[EventRounds "9"]
[EventCountry "USA"]

1. e4 e5 2. Nf3 Nc6 3. c3 d5 4. Qa4 f6 5. Bb5 Nge7 6. O-O Be6 7. d3 g5 8. Kh1 a6
9. Bxc6+ Nxc6 10. Qb3 Rb8 11. Re1 Be7 12. Be3 O-O 13. Nbd2 Qd7 14. exd5 Bxd5 15.
Qc2 Rbd8 16. Ne4 h6 17. c4 Bxe4 18. dxe4 Nb4 19. Qe2 Qd3 20. Qxd3 Rxd3 21. Re2 Rfd8
22. a3 Rd1+ 23. Rxd1 Rxd1+ 24. Re1 Rxe1+ 25. Nxe1 Nc6 26. Nf3 Kf7 27. Kg1 Ke6 28.
g4 Kd7 29. Kf1 Nd8 30. Ng1 Ne6 31. Ne2 Bc5 32. Bxc5 Nxc5 33. Nc3 c6 34. Ke2 Nb3 35.
Ke3 Kd6 36. Kd3 a5 37. Nd1 Nc5+ 38. Ke3 Ne6 39. b4 axb4 40. axb4 c5 41. b5 Nd4 42.
Nc3  1/2-1/2

[Event "2025 Washington State Championship - Challengers"]
[Site "Lakeside Upper School, 14050 1st Avenue NE, Seattle, WA, USA"]
[Date "2025.02.16"]
[Round "8"]
[Board "5"]
[White "Cheng, Selina"]
[Black "Nallappa, Vijay"]
[Result "0-1"]
[WhiteElo "1661"]
[BlackElo "1748"]
[PlyCount "94"]
[EventDate "2025.02.08"]
[EventRounds "9"]
[EventCountry "USA"]

1. e4 c6 2. d4 d5 3. Nc3 dxe4 4. Nxe4 Bf5 5. Ng3 Bg6 6. Nf3 Nd7 7. Bd3 e6 8. h4 Bxd3
9. Qxd3 Ngf6 10. Be3 Bd6 11. Ne2 Qc7 12. a3 O-O 13. O-O-O b5 14. Rdg1 Ng4 15. Ng5
Ndf6 16. f3 Nxe3 17. Qxe3 c5 18. Rd1 Rac8 19. Rd2 c4 20. Nh3 b4 21. axb4 Bxb4 22.
c3 Qa5 23. Rdd1 Nd5 24. Qe4 Bd6 25. Kd2 Rb8 26. Rb1 Qa2 27. Qc2 Rb7 28. Nc1 Qa5 29.
b4 cxb3 30. Rxb3 Rc7 31. Ne2 e5 32. Ng5 Nf6 33. Rd1 exd4 34. Ke1 Qe5 35. Rxd4 Re8
36. Qd3 Bc5 37. Rd8 Rce7 38. Rxe8+ Rxe8 39. Qc4 Qe7 40. Rb5 Be3 41. Rb2 h6 42. Nh3
Qd6 43. f4 Rd8 44. Qa4 Qd5 45. Ng3 Bd2+ 46. Kf1 Qd3+ 47. Ne2 Ne4  0-1

[Event "2025 Washington State Championship - Challengers"]
[Site "Lakeside Upper School, 14050 1st Avenue NE, Seattle, WA, USA"]
[Date "2025.02.17"]
[Round "9"]
[Board "1"]
[White "Nallappa, Vijay"]
[Black "Ramkumar, Nikhil"]
[Result "1-0"]
[WhiteElo "1748"]
[BlackElo "1676"]
[PlyCount "33"]
[EventDate "2025.02.08"]
[EventRounds "9"]
[EventCountry "USA"]

1. d4 d5 2. Bf4 Nf6 3. e3 c5 4. Nf3 Nc6 5. Nbd2 Qb6 6. dxc5 Qxb2 7. Rb1 Qc3 8. Bb5
e6 9. O-O Qxc5 10. c4 Be7 11. Nb3 Qa3 12. Ne5 Bd7 13. Nxd7 Kxd7 14. cxd5 exd5 15.
e4 Bd6 16. e5 g5 17. Bg3  1-0

[Event "2025 Washington State Championship - Challengers"]
[Site "Lakeside Upper School, 14050 1st Avenue NE, Seattle, WA, USA"]
[Date "2025.02.17"]
[Round "9"]
[Board "2"]
[White "Ihsan, Mohamed N T"]
[Black "Cheng, Selina"]
[Result "1-0"]
[WhiteElo "1650"]
[BlackElo "1661"]
[PlyCount "65"]
[EventDate "2025.02.08"]
[EventRounds "9"]
[EventCountry "USA"]

1. e4 d6 2. d4 Nf6 3. Bd3 g6 4. c3 Bg7 5. Nf3 O-O 6. Be3 Nbd7 7. Na3 c5 8. O-O b6
9. Qd2 Bb7 10. d5 Ng4 11. Bf4 Nde5 12. Nxe5 Nxe5 13. Be2 f5 14. f3 e6 15. dxe6 Qe7
16. Bg5 Qxe6 17. f4 Nf7 18. exf5 Qxf5 19. Bd3 Qg4 20. Bc4 Kh8 21. Be7 Rfe8 22. Rae1
Ne5 23. fxe5 Rxe7 24. exd6 Rd7 25. Re2 Qh5 26. Rfe1 Rdd8 27. d7 Bc6 28. Bb5 Bd5 29.
Re8+ Bf8 30. Qf4 Qf5 31. Qxf5 gxf5 32. Rxd8 Rxd8 33. Re8  1-0

[Event "2025 Washington State Championship - Challengers"]
[Site "Lakeside Upper School, 14050 1st Avenue NE, Seattle, WA, USA"]
[Date "2025.02.17"]
[Round "9"]
[Board "3"]
[White "Bharathy Mohan, Aarav Sai"]
[Black "Razmov, Gabriel"]
[Result "0-1"]
[WhiteElo "1606"]
[BlackElo "1801"]
[PlyCount "66"]
[EventDate "2025.02.08"]
[EventRounds "9"]
[EventCountry "USA"]

1. e4 g6 2. d4 Bg7 3. c3 d6 4. Nf3 Nf6 5. Bd3 c6 6. h3 O-O 7. O-O Nbd7 8. Be3 e5
9. Nbd2 Ne8 10. Qc2 a5 11. a4 Qe7 12. Rfe1 Kh8 13. Nf1 Nef6 14. Ng3 Ng8 15. Rad1
Rb8 16. Ra1 Rd8 17. Qe2 Ra8 18. Rad1 Rf8 19. Qc2 Qd8 20. Bf1 Qc7 21. Bc4 Rb8 22.
Bf1 b6 23. Kh1 Ne7 24. Bd3 Nf6 25. b3 Nfg8 26. Rb1 f5 27. exf5 gxf5 28. Nh5 e4 29.
Bxe4 fxe4 30. Qxe4 Bf5 31. Qh4 Ng6 32. Qg3 Bxb1 33. Rxb1 Bh6  0-1

[Event "2025 Washington State Championship - Challengers"]
[Site "Lakeside Upper School, 14050 1st Avenue NE, Seattle, WA, USA"]
[Date "2025.02.17"]
[Round "9"]
[Board "5"]
[White "Pikh, Akim"]
[Black "Yondon, Odbayar"]
[Result "1-0"]
[WhiteElo "1799"]
[BlackElo "1806"]
[PlyCount "63"]
[EventDate "2025.02.08"]
[EventRounds "9"]
[EventCountry "USA"]

1. e4 c6 2. d4 d5 3. exd5 cxd5 4. c4 Nf6 5. Nf3 Nc6 6. Nc3 Bg4 7. cxd5 Nxd5 8. Qb3
Bxf3 9. gxf3 e6 10. Qxb7 Nxd4 11. Bb5+ Nxb5 12. Qc6+ Ke7 13. Nxb5 Rc8 14. Qb7+ Kf6
15. O-O Rb8 16. Qc6 Qb6 17. Qc4 Qxb5 18. Qh4+ Ke5 19. Qg3+ Kd4 20. Rd1+ Kc5 21. Be3+
Nxe3 22. Qc7+ Kb4 23. Qc3+ Ka4 24. Rd4+ Qb4 25. Rxb4+ Bxb4 26. Qxe3 a5 27. Qe4 Kb5
28. Rc1 Ka6 29. Rc7 a4 30. Qc6+ Rb6 31. Qxa4+ Ba5 32. Rc5  1-0

[Event "2025 Washington State Championship - Sensations"]
[Site "Lakeside Upper School, 14050 1st Avenue NE, Seattle, WA, USA"]
[Date "2025.02.08"]
[Round "1"]
[Board "3"]
[White "Byelashova, Darya"]
[Black "Sankrithi, Vivaan Krishna"]
[Result "1-0"]
[WhiteElo "1458"]
[BlackElo "1511"]
[PlyCount "0"]
[EventDate "2025.02.08"]
[EventRounds "7"]
[EventCountry "USA"]

1. e4 e5 2. Nf3 Nf6 3. Nxe5 d6 4. Nf3 Nxe4 5. Qe2 Qe7 6. d3 Nf6 7. Qxe7+ Bxe7 8.
Be2 Nc6 9. Bd2 Be6 10. Nc3 d5 11. Nb5 O-O-O 12. Nbd4 Nxd4 13. Nxd4 Bc5 14. Nxe6 fxe6
15. f3 e5 16. O-O-O e4 17. Bf4 e3 18. d4 Bb6 19. Bxe3 Rhe8 20. Kd2 Rd7 21. Bf2 Rde7
22. Rhe1 Nh5 23. g3 g6 24. Bd3 Rxe1 25. Rxe1 Rxe1 26. Kxe1 Ng7 27. g4 Ne6 28. c3
c5 29. dxc5 Bxc5 30. Bxc5 Nxc5 31. Kd2 Kd7 32. b4 Ne6 33. Ke3 Kd6 34. f4 Ng7 35.
f5 gxf5 36. Bxf5 Nxf5+ 37. gxf5 Ke5 38. f6 Kxf6 39. Kd4 Ke6 40. c4 dxc4 41. Kxc4
Kd6 42. a4 a6 43. h4 b5+ 44. axb5 axb5+ 45. Kxb5 Kc7 46. Kc5 Kb7 47. Kd5 Kb6 48.
Ke6 Kb5 49. Kf6 Kxb4 50. Kg7 Kb3 51. Kxh7 Kb2 52. Kg6 Ka1 53. h5 Ka2 54. h6 Ka1 55.
h7 Kb1 56. h8=Q Ka2 57. Qb8 Ka1 58. Qb4 Ka2 59. Kf5 Ka1 60. Ke4 Ka2 61. Kd3 Ka1 62.
Kc2 Ka2 63. Qb2#  1-0

[Event "2025 Washington State Championship - Sensations"]
[Site "Lakeside Upper School, 14050 1st Avenue NE, Seattle, WA, USA"]
[Date "2025.02.08"]
[Round "2"]
[Board "2"]
[White "Sankrithi, Vivaan Krishna"]
[Black "Razmov, Siana"]
[Result "1-0"]
[WhiteElo "1511"]
[BlackElo "984"]
[PlyCount "0"]
[EventDate "2025.02.08"]
[EventRounds "7"]
[EventCountry "USA"]

1. d4 Nf6 2. Nc3 d5 3. Bf4 a6 4. e3 Bf5 5. Bd3 Bg6 6. Nf3 e6 7. Qe2 Bd6 8. Bxd6 Qxd6
9. O-O-O b5 10. Nb1 c6 11. Ne5 Nbd7 12. Nxg6 hxg6 13. f3 a5 14. e4 Ng8 15. e5 Qc7
16. c3 b4 17. Qc2 c5 18. Bxg6 Nh6 19. dxc5 Qxc5 20. Bd3 Nxe5 21. Qa4+ Nd7 22. Bb5
Qa7 23. Rhe1 Ke7 24. Rxd5 Rhd8 25. cxb4 axb4 26. Rxd7+ Rxd7 27. Qxb4+ Kd8 28. Bxd7
Qc7+ 29. Nc3 Kxd7 30. Rd1+ Kc8 31. Kb1 Rb8 32. Qa3 Rb6 33. Rc1 Rc6 34. Qa8+ Kd7 35.
Rd1+ Rd6 36. Qa4+ Ke7 37. Rxd6 Qxd6 38. Ne4 Qd3+ 39. Kc1 Qe3+ 40. Kd1 Qd3+ 41. Nd2
Nf5 42. Qa7+ Kf6 43. Kc1 Ne3 44. Ne4+ Kg6 45. Qa4 Qf1+ 46. Kd2 Qf2+ 47. Nxf2 Nf1+
48. Ke2 Nxh2 49. Qe4+ f5 50. Qxe6+ Kg5 51. Nh3+ Kh5 52. Nf4+ Kg5 53. g3 g6 54. Qxg6#
 1-0

[Event "2025 Washington State Championship - Sensations"]
[Site "Lakeside Upper School, 14050 1st Avenue NE, Seattle, WA, USA"]
[Date "2025.02.09"]
[Round "3"]
[Board "4"]
[White "Ge, Emma"]
[Black "Sankrithi, Vivaan Krishna"]
[Result "0-1"]
[WhiteElo "1021"]
[BlackElo "1511"]
[PlyCount "0"]
[EventDate "2025.02.08"]
[EventRounds "7"]
[EventCountry "USA"]

1. e4 e5 2. Nf3 Nf6 3. Nxe5 d6 4. Nf3 Nxe4 5. d3 Nf6 6. Bg5 Nc6 7. Nc3 h6 8. Bh4
g5 9. Bg3 Bg4 10. Be2 Qe7 11. O-O Bg7 12. Nd2 Bxe2 13. Nxe2 O-O 14. Nc4 Rfe8 15.
Nc3 d5 16. Ne3 d4 17. Ncd5 Nxd5 18. Nxd5 Qd7 19. Nxc7 Ne5 20. Nxa8 Rxa8 21. Bxe5
Bxe5 22. Re1 Qd6 23. Qh5 Re8 24. a3 Qc6 25. h4 Re6 26. hxg5 hxg5 27. Qxg5+ Rg6 28.
Qd8+ Kg7 29. f3 Qxf3 30. Re2 Qxe2 31. g4 Rxg4+ 32. Kh1 Qf3#  0-1

[Event "2025 Washington State Championship - Sensations"]
[Site "Lakeside Upper School, 14050 1st Avenue NE, Seattle, WA, USA"]
[Date "2025.02.09"]
[Round "4"]
[Board "1"]
[White "Byelashova, Sofia"]
[Black "Sankrithi, Vivaan Krishna"]
[Result "0-1"]
[WhiteElo "1431"]
[BlackElo "1511"]
[PlyCount "0"]
[EventDate "2025.02.08"]
[EventRounds "7"]
[EventCountry "USA"]

1. e4 e6 2. d4 d5 3. e5 c5 4. c3 Nc6 5. Bb5 cxd4 6. cxd4 Bb4+ 7. Nc3 Bxc3+ 8. bxc3
Qa5 9. Bxc6+ bxc6 10. Bd2 Ba6 11. c4 Qb6 12. c5 Qb5 13. Ne2 Rb8 14. Nc3 Qd3 15. Rc1
Qg6 16. Qf3 Rb2 17. h4 Ne7 18. h5 Qf5 19. Qd1 Bd3 20. h6 g6 21. Be3 O-O 22. g4 Bc2
23. gxf5 Bxd1 24. Rxd1 Nxf5 25. Bc1 Rc2 26. Bd2 Nxd4 27. f4 Nf3+ 28. Ke2 Nxd2 29.
Rxd2 Rxc3 30. Rb2 Kh8 31. Rhb1 Kg8 32. Rb8 Rc2+ 33. Kd3 Rxa2 34. Rxf8+ Kxf8 35. Rb8+
Ke7 36. Rh8 a5 37. Rxh7 Rh2 38. Rh8 a4 39. h7 a3 40. Ra8 Rxh7 41. Rxa3 Rh3+ 42. Kc2
Rxa3 43. Kb2 Rf3 44. Kc2 d4 45. Kd2 d3 46. f5 gxf5 47. Ke1 Re3+ 48. Kd2 f4 49. Kd1
f3 50. Kd2 f2 51. Kxe3 f1=Q 52. Kd2 Qe2+ 53. Kc3 Qc2+ 54. Kb4 Qc1 55. Kb3 Kd7 56.
Ka2 d2 57. Kb3 d1=Q+ 58. Ka2  0-1

[Event "2025 Washington State Championship - Sensations"]
[Site "Lakeside Upper School, 14050 1st Avenue NE, Seattle, WA, USA"]
[Date "2025.02.15"]
[Round "5"]
[Board "4"]
[White "Sankrithi, Vivaan Krishna"]
[Black "Gui, Joyce"]
[Result "1-0"]
[WhiteElo "1511"]
[BlackElo "950"]
[PlyCount "0"]
[EventDate "2025.02.08"]
[EventRounds "7"]
[EventCountry "USA"]

1. d4 d5 2. Nc3 Nf6 3. Bf4 Bf5 4. e3 e6 5. Bd3 Bxd3 6. cxd3 Bb4 7. Ne2 O-O 8. Qc2
Nc6 9. O-O Re8 10. Rfd1 Nh5 11. Nb5 Nxf4 12. Nxf4 a6 13. Nc3 Ne7 14. e4 Rc8 15. Qe2
c6 16. Qg4 g6 17. Nh5 f5 18. Qg5 Rf8 19. Ne2 Kh8 20. Nef4 gxh5 21. Nxe6 Rg8 22. Qf6+
Rg7  1-0

[Event "2025 Washington State Championship - Sensations"]
[Site "Lakeside Upper School, 14050 1st Avenue NE, Seattle, WA, USA"]
[Date "2025.02.15"]
[Round "6"]
[Board "2"]
[White "Rish-Brown, Jackson"]
[Black "Sankrithi, Vivaan Krishna"]
[Result "1-0"]
[WhiteElo "768"]
[BlackElo "1511"]
[PlyCount "0"]
[EventDate "2025.02.08"]
[EventRounds "7"]
[EventCountry "USA"]

1. d4 e6 2. e4 d5 3. e5 c5 4. Nf3 Nc6 5. Be3 Qb6 6. b3 Nge7 7. dxc5 Qa5+ 8. Qd2 Qxd2+
9. Bxd2 Nf5 10. b4 b6 11. cxb6 Bxb4 12. Bb5 Bd7 13. Bxc6 Bxc6 14. Bxb4 axb6 15. O-O
h5 16. Nbd2 h4 17. h3 Ra4 18. Bc3 d4 19. Bb2 Rb4 20. Nb3 Bxf3 21. gxf3 f6 22. Rfe1
Rc4 23. exf6 gxf6 24. Rxe6+ Kf7 25. Rxb6 Rxc2 26. Bxd4 Rg8+ 27. Kf1 Rg6 28. a4 Ne7
29. Rb7 Ke6 30. Re1+ Kf5 31. Rexe7 Kf4 32. Re2 Rc8 33. Rf7 f5 34. Re4+ Kxf3 35. Nd2# 1-0

[Event "2025 Washington State Championship - Championship"]
[Site "Lakeside Upper School, 14050 1st Avenue NE, Seattle, WA, USA"]
[Date "2025.02.08"]
[Round "1"]
[Board "1"]
[White "Liu, Austin"]
[Black "He, Daniel"]
[Result "0-1"]
[WhiteElo "2139"]
[BlackElo "2193"]
[PlyCount "0"]
[EventDate "2025.02.08"]
[EventRounds "9"]
[EventCountry "USA"]

1. e4 c5 2. Nf3 e6 3. d4 cxd4 4. Nxd4 a6 5. c4 Nf6 6. Nc3 Bb4 7. Qd3 d6 8. Nc2 Bxc3+
9. Qxc3 O-O 10. Bd3 d5 11. e5 dxc4 12. Bxc4 Nd5 13. Qg3 Ne7 14. Bd3 Nbc6 15. f4 b5
16. O-O Bb7 17. f5 exf5 18. Bg5 Qc7 19. Rae1 Rae8 20. h4 f6 21. Bh6 Ng6 22. h5 Ngxe5
23. Bxf5 Qf7 24. Ne3 Kh8 25. Bf4 Qxh5 26. Kf2 Qf7 27. Bxh7 Kxh7 28. Rh1+ Kg8 29.
Nf5 Qg6 30. Qb3+ Nc4 31. Qh3 N6e5 32. b3 Nd3+ 0-1

[Event "2025 Washington State Championship - Championship"]
[Site "Lakeside Upper School, 14050 1st Avenue NE, Seattle, WA, USA"]
[Date "2025.02.08"]
[Round "1"]
[Board "2"]
[White "Willy, Stephen"]
[Black "Whale, Nicholas"]
[Result "1/2-1/2"]
[WhiteElo "2193"]
[BlackElo "1955"]
[PlyCount "0"]
[EventDate "2025.02.08"]
[EventRounds "9"]
[EventCountry "USA"]

1. e4 e5 2. Nf3 Nc6 3. Bb5 a6 4. Ba4 Nf6 5. Nc3 d6 6. Bxc6+ bxc6 7. d4 exd4 8. Nxd4
c5 9. Nde2 Bb7 10. O-O g6 11. Bg5 h6 12. Bh4 Bg7 13. Qd3 O-O 14. Rad1 Qe8 15. Bxf6
Bxf6 16. Rfe1 Bg7 17. Nf4 Qe5 18. Nfd5 Bxd5 19. Nxd5 Qxb2 20. Nxc7 Ra7 21. Nd5 Qxa2
22. c3 Qa4 23. Ra1 Qc6 24. Reb1 c4 25. Qe3 Rb7 26. Rb6 Rxb6 27. Ne7+ Kh7 28. Nxc6
Rxc6 29. h4 Re8 30. Qa7 Rec8 31. Rb1 Bxc3 32. Qxf7+ Bg7 33. Rb7 Rg8 34. h5 gxh5 35.
Rc7 Rxc7 36. Qxc7 c3 37. e5 dxe5 38. Qxc3 Rf8 39. Qd3+ Kh8 40. Qxa6 h4 41. Qe6 Rf4
42. g3 hxg3 43. fxg3 Rd4 44. Kg2  1/2-1/2

[Event "2025 Washington State Championship - Championship"]
[Site "Lakeside Upper School, 14050 1st Avenue NE, Seattle, WA, USA"]
[Date "2025.02.08"]
[Round "1"]
[Board "3"]
[White "Wang, Ted"]
[Black "Vemparala, Nikash"]
[Result "1-0"]
[WhiteElo "2234"]
[BlackElo "2215"]
[PlyCount "0"]
[EventDate "2025.02.08"]
[EventRounds "9"]
[EventCountry "USA"]

1. e4 e5 2. Nf3 Nc6 3. Bc4 Bc5 4. c3 Nf6 5. d3 O-O 6. O-O d6 7. h3 a6 8. a4 Ba7 9.
Re1 Ne7 10. Nbd2 Ng6 11. Bb3 Be6 12. Bxe6 fxe6 13. Nf1 Nh5 14. Be3 Nhf4 15. d4 Qf6
16. N1h2 Qf7 17. g3 Nxh3+ 18. Kg2 Nhf4+ 19. gxf4 exf4 20. Bd2 h6 21. Qb3 Rab8 22.
Rg1 b5 23. Qc2 c5 24. axb5 axb5 25. Kh1 cxd4 26. cxd4 Bb6 27. e5 Ne7 28. exd6 Nf5
29. Qc6 Nxd4 30. Nxd4 Bxd4 31. Bc3 Rb6 32. Qe4 Bxc3 33. bxc3 Rxd6 34. Rxg7+ Qxg7
35. Rg1 Rf5 36. Rxg7+ Kxg7 37. Nf3 Kf7 38. Nd4 Rf6 39. Qb7+ Kg6 40. Qxb5 Kf7 41.
Qb7+ Kg6 42. Qe4+ Kf7 43. Qh7+ Kf8 44. Nf3 Rd5 45. c4 Rdf5 46. Qh8+ Kf7 47. Kg2 e5
48. Qa8 Re6 49. Qe4 Kf6 50. c5 Re7 51. c6 h5 52. Nd2 h4 53. Qd5 Rg5+ 54. Kh2 Rgg7
55. Ne4+ Kf5 56. Nd6+ Kf6 57. Qe4 Rh7 58. Qf5+ Kg7 59. c7 Rxc7 60. Ne8+ Kg8 61. Nf6+ 1-0